Most commonly played Green Day songs - Statistics

General Stats
  • This quiz has been taken 41 times
    2 since last reset
  • The average score is 27 of 35
Answer Stats
Times Played Song % Correct
293 21 Guns
100%
710 American Idiot
100%
1095 Basket Case
100%
646 Boulevard of Broken Dreams
100%
791 Brain Stew
100%
324 Burnout
100%
295 Going to Pasalacqua
100%
832 Good Riddance (Time of Your Life)
100%
821 Hitchin' a Ride
100%
674 Holiday
100%
625 Jesus of Suburbia
100%
1139 Longview
100%
818 Minority
100%
233 Nice Guys Finish Last
100%
925 She
100%
255 Waiting
100%
416 Wake Me Up When September Ends
100%
859 Welcome to Paradise
100%
865 When I Come Around
100%
559 2000 Light Years Away
50%
178 All By Myself
50%
478 Are We the Waiting
50%
215 Christie Rd.
50%
265 Chump
50%
196 Dominated Love Slave
50%
254 F.O.D
50%
295 Geek Stink Breath
50%
600 Jaded
50%
702 King for a Day
50%
790 Knowledge (Cover)
50%
508 Know Your Enemy
50%
307 Letterbomb
50%
305 Paper Lanterns
50%
655 St. Jimmy
50%
256 Shout (Cover)
0%
No matching quizzes found
Score Distribution
Percent of People with Each Score
Percentile by Number Answered
Your Score History
You have not taken this quiz since the last reset